Billboard #1 Hits of the 1980s Quiz - Statistics

General Stats
  • This quiz has been taken 135 times
  • The average score is 71 of 231
Answer Stats
# Artist % Correct
1 Like a Virgin
81%
1 Eye of the Tiger
75%
1 Africa
74%
1 Take on Me
72%
1 Bad
69%
1 Jump
69%
1 Billie Jean
68%
1 Physical
66%
1 We Are the World
66%
1 Beat It
65%
1 I Love Rock 'n' Roll
63%
1 Never Gonna Give You Up
63%
1 Call Me
62%
1 West End Girls
62%
1 Come on Eileen
60%
1 Everybody Wants to Rule the World
60%
1 Walk Like an Egyptian
60%
1 Down Under
59%
1 Ghostbusters
59%
1 Don't You Want Me
57%
1 I Wanna Dance with Somebody (Who Loves Me)
57%
1 Wake Me Up Before You Go-Go
57%
1 Ebony and Ivory
56%
1 Every Breath You Take
56%
1 Mickey
56%
1 Jessie's Girl
54%
1 Sweet Dreams (Are Made of This)
54%
1 Careless Whisper
53%
1 Centerfold
53%
1 Footloose
53%
1 The Power of Love
53%
1 We Didn't Start the Fire
53%
1 9 to 5
51%
1 Another Brick in the Wall (Part 2)
51%
1 Don't You (Forget About Me)
51%
1 Like a Prayer
51%
1 Living on a Prayer
51%
1 Money for Nothing
51%
1 Sailing
51%
1 Total Eclipse of the Heart
51%
1 Don't Worry, Be Happy
50%
1 Karma Chameleon
50%
1 We Built This City
50%
1 Bette Davis Eyes
49%
1 Faith
49%
1 La Bamba
49%
1 Maneater
49%
1 Another One Bites the Dust
47%
1 Celebration
47%
1 Funkytown
47%
1 Heaven
47%
1 Hello
47%
1 Let's Dance
47%
1 Rock Me Amadeus
47%
1 Sweet Child o' Mine
47%
1 I Just Called to Say I Love You
46%
1 Kokomo
46%
1 Red Red Wine
46%
1 Say, Say, Say
46%
1 Venus
46%
1 Maniac
44%
1 Shout
44%
1 Time After Time
44%
1 Flashdance ... What a Feeling
43%
1 Jack & Diane
43%
1 Papa Don't Preach
43%
1 Addicted to Love
41%
1 Human
41%
1 Islands in the Stream
41%
1 I Think We're Alone Now
41%
1 Sledgehammer
41%
1 Take My Breath Away
41%
1 True Colors
41%
1 Broken Wings
40%
1 Here I Go Again
40%
1 (I Just) Died in Your Arms
40%
1 Owner of a Lonely Heart
38%
1 That's What Friends Are For
38%
1 When Doves Cry
38%
1 Eternal Flame
37%
1 Rock with You
37%
1 Abracadabra
35%
1 Endless Love
35%
1 (I've Had) The Time of My Life
35%
1 Kiss
35%
1 Lady
35%
1 She Drives Me Crazy
35%
1 St Elmo's Fire (Man in Motion)
35%
1 What's Love Got to Do With It
35%
1 With or Without You
35%
1 Alone
34%
1 Amanda
34%
1 I Want to Know What Love Is
34%
1 Sussudio
34%
1 Arthur's Theme (Best That You Can Do)
32%
1 Every Rose Has Its Thorn
32%
1 Kyrie
32%
1 Morning Train (Nine to Five)
32%
1 Nothing's Gonna Stop Us Now
32%
1 Rapture
32%
1 The Look
32%
1 Toy Soldiers
32%
1 Up Where We Belong
32%
1 You Give Love a Bad Name
32%
1 Chariots of Fire
31%
1 Straight Up
31%
1 Upside Down
31%
1 Woman in Love
31%
1 Heaven is a Place on Earth
29%
1 Keep on Loving You
29%
1 Lean on Me
29%
1 Miami Vice Theme
29%
1 Sara
29%
1 The Tide is High
29%
1 All Night Long (All Night)
28%
1 Caribbean Queen (No More Love on the Run)
28%
1 Got My Mind Set on You
28%
1 Higher Love
28%
1 Holding Back the Years
28%
1 (Just Like) Starting Over
28%
1 Who Can It Be Now
28%
1 Crazy Little Thing Called Love
26%
1 Get Outta My Dreams, Get Into My Car
26%
1 Let's Hear It for the Boy
26%
1 Need You Tonight
26%
1 Private Eyes
26%
1 The Flame
26%
1 The Way It Is
26%
1 Glory of Love
25%
1 I Can't Go for That (No Can Do)
25%
1 Man in the Mirror
25%
1 Missing You
25%
1 The Reflex
25%
1 Wishing Well
25%
1 A View to a Kill
24%
1 I Love a Rainy Night
24%
1 I Still Haven't Found What I'm Looking For
24%
1 Mony Mony
24%
1 Right Here Waiting
24%
1 Blame It on the Rain
22%
1 I Knew You Were Waiting (for Me)
22%
1 Invisible Touch
22%
1 The Living Years
22%
1 Against All Odds (Take a Look at Me Now)
21%
1 Can't Fight This Feeling
21%
1 On My Own
21%
1 Saving All My Love for You
21%
1 These Dreams
21%
1 Together Forever
21%
1 Wild, Wild West
21%
1 You Keep Me Hangin' On
21%
1 Always
19%
1 Coming Up (Live at Glasgow)
19%
1 Everytime You Go Away
19%
1 Father Figure
19%
1 Hangin' Tough
19%
1 Head to Toe
19%
1 Let's Go Crazy
19%
1 Magic
19%
1 Out of Touch
19%
1 Stuck With You
19%
1 The Way You Make Me Feel
19%
1 Wind Beneath My Wings
19%
1 How Will I Know
18%
1 It's Still Rock and Roll to Me
18%
1 Look Away
18%
1 Oh Sheila
18%
1 Part-Time Lover
18%
1 Please Don't Go
18%
1 Bad Medicine
16%
1 Crazy for You
16%
1 Greatest Love of All
16%
1 Live to Tell
16%
1 Tell Her About It
16%
1 Another Day in Paradise
15%
1 Everything She Wants
15%
1 Good Thing
15%
1 My Prerogative
15%
1 Say You, Say Me
15%
1 Shakedown
15%
1 The Next Time I Fall
15%
1 The One That You Love
15%
1 At This Moment
13%
1 Baby Don't Forget My Number
13%
1 Batdance
13%
1 Could've Been
13%
1 Do That to Me One More Time
13%
1 Hard to Say I'm Sorry
13%
1 Love Bites
13%
1 Monkey
13%
1 Roll with It
13%
1 Baby, Come to Me
12%
1 Cold Hearted
12%
1 If You Don't Know Me by Now
12%
1 Rock On
12%
1 Baby, I Love the Way / Freebird
10%
1 Dirty Diana
10%
1 Jacob's Ladder
10%
1 Listen to Your Heart
10%
1 One More Night
10%
1 Open Your Heart
10%
1 Kiss on my List
9%
1 Lost in Your Eyes
9%
1 Medley
9%
1 Shake You Down
9%
1 Truly
9%
1 Forever Your Girl
7%
1 Hold On to the Nights
7%
1 So Emotional
7%
1 Two Hearts
7%
1 Anything For You
6%
1 I Just Can't Stop Loving You
6%
1 I'll Be There for You
6%
1 Lost in Emotion
6%
1 Separate Lives
6%
1 When I See You Smile
6%
1 Where Do Broken Hearts Go
6%
1 Foolish Beat
4%
1 One More Try
4%
1 Seasons Change
4%
1 There'll Be Sad Songs (To Make You Cry)
4%
1 When I'm With You
4%
1 Who's That Girl
4%
1 A Groovy Kind of Love
3%
1 I'll Be Loving You (Forever)
3%
1 Miss You Much
3%
1 Didn't We Almost Have It All
1%
1 Satisfied
1%
1 When I Think of You
1%
1 Don't Wanna Lose You
0%
1 Girl I'm Gonna Miss You
0%
No matching quizzes found
Score Distribution
Percent of People with Each Score
Percentile by Number Answered
Your Score History
You have not taken this quiz